Luật đất đai năm 2003 được sửa đổi, bổ sung năm 2009

Gespeichert in:
Bibliographische Detailangaben
Format: Buch
Sprache:Undetermined
Veröffentlicht: Hà Nội Chính trị Quốc gia 2009
Schlagworte:
Tags: Tag hinzufügen
Keine Tags, Fügen Sie den ersten Tag hinzu!
Thư viện lưu trữ: Trung tâm Học liệu Trường Đại học Cần Thơ
LEADER 00559nam a2200181Ia 4500
001 CTU_148084
008 210402s9999 xx 000 0 und d
020 |c 21000 
082 |a 346.597043 
082 |b L504 
245 0 |a Luật đất đai năm 2003 được sửa đổi, bổ sung năm 2009 
260 |a Hà Nội 
260 |b Chính trị Quốc gia 
260 |c 2009 
650 |a Land use,Luật bất đai 
650 |x Law and legislation 
904 |i Nguyên 
980 |a Trung tâm Học liệu Trường Đại học Cần Thơ